[Event "Karlsbad Czech Coal"]
[Site "Karlovy Vary"]
[Date "2007.09.14"]
[Round "6"]
[White "Movsesian, Sergei"]
[Black "Navara, David"]
[Result "1-0"]
[WhiteElo "2667"]
[BlackElo "2656"]
[Annotator "Movsesian,S"]
[PlyCount "77"]
[EventDate "2007.09.08"]
[EventType "tourn"]
[EventRounds "7"]
[EventCountry "CZE"]
[EventCategory "17"]
[SourceTitle "CBM 120"]
[Source "ChessBase"]
[SourceDate "2007.10.02"]
[SourceVersion "1"]
[SourceVersionDate "2007.10.02"]
[SourceQuality "1"]

{[%mdl 2]} 1. e4 e5 2. Nf3 Nc6 3. Bb5 a6 4. Ba4 Nf6 5. O-O Be7 6. Re1 b5 7. Bb3
O-O 8. h3 Rb8 $5 {David played this interesting move in the 3rd round against
Akopian, so I had to be ready for this option.} 9. c3 d5 10. exd5 (10. d4 exd4
11. e5 Ne4 12. Nxd4 Na5 13. Bc2 b4 $13 {and Black was doing fine in
Akopian-Navara, Carlsbad 2007}) 10... Nxd5 11. Nxe5 Nxe5 12. Rxe5 Bb7 13. d4 ({
White was not too successful with} 13. d3 $6 Bf6 14. Re1 b4 15. d4 Re8 {
with good compensation in Iordachescu-Atalik, Valjevo 2007}) 13... Bf6 14. Re1
Re8 {This position without the moves h2-h3 and Ra8-b8 occurs in one of the
lines in the Marshall Attack.} 15. Na3 $5 ({Navara himself faced 8...Rb8 in
his rapid match against Short shortly before this tournament.} 15. a4 b4 16. c4
Ne7 17. d5 Nf5 18. Rxe8+ Qxe8 19. Nd2 Nd4 20. Nf1 c6 $44 {Navara-Short, CEZ
Trophy Praha 2007}) 15... b4 16. cxb4 Nxb4 (16... Rxe1+ 17. Qxe1 Bxd4 18. Nc4
Qf6 19. Bd2 Nf4 20. Bxf4 Qxf4 $44) 17. Be3 (17. Rxe8+ Qxe8 18. Be3 c5 $5 $13)
17... Be4 $5 18. Qe2 Nd3 19. Red1 Bxd4 20. Nc4 $6 (20. Rxd3 $2 Bxd3 21. Qxd3
Bxb2 22. Qxd8 Rexd8 23. Nc2 Rxb3 $1 24. axb3 Bxa1 25. Nxa1 Rd1+ $19) (20. Rd2
$1 Qf6 (20... Bxe3 21. fxe3 $16) 21. Bxd4 Qxd4 22. Qf1 $1 Red8 23. Rad1 $16)
20... Bxe3 21. Nxe3 (21. fxe3 Rb5 $1) 21... Rb6 (21... Qd4 22. Bc4 Rxb2 23.
Rxd3 Qf6 (23... Qxc4 24. Rd8 $1) 24. Ng4 Rxe2 25. Nxf6+ gxf6 26. Rg3+ $18) 22.
Bc4 Rd6 23. Bxd3 Bxd3 24. Qf3 h6 25. Rac1 Be4 26. Qf4 Ree6 27. b3 Qe7 28. Nc4
$2 (28. Rxd6 cxd6 (28... Rxd6 29. Nf5 $11) 29. Rc8+ Kh7 30. Rc4 $11) 28... Rf6
29. Qe5 Rde6 30. Qd4 Rg6 31. Ne3 Kh7 32. Qc5 (32. Qd8 Bxg2 33. Qxe7 (33. Nxg2
Re1+ $1 {I overlooked this trick, playing 28.Nc4...}) 33... Bf3+ $17) 32... Qh4
33. Qxc7 Ref6 34. Rd2 Qxh3 $2 (34... Bxg2 $1 {was winning much quicker here:}
35. Nxg2 Rf3 36. Qc4 Qg5 $19) 35. Qh2 Qf3 36. Re1 (36. Kh1 Rxg2 $1 37. Nxg2 Rg6
38. Rg1 Rg5 $19) 36... Rf5 37. g3 (37. Kf1 Bd3+ 38. Kg1 Rh5 39. Qc7 Be4 $19)
37... Rh5 38. Qg2 Qf4 $4 {An incredible blunder, which costs Black a whole
point.} ({After} 38... Rh1+ 39. Kxh1 Qh5+ 40. Kg1 Bxg2 41. Nxg2 {Black is
still very close to a win.}) 39. gxf4 1-0

[Event "Olympiad-41"]
[Site "Tromsoe"]
[Date "2014.08.14"]
[Round "11.1"]
[White "Negi, Parimarjan"]
[Black "Kasimdzhanov, Rustam"]
[Result "1-0"]
[WhiteElo "2645"]
[BlackElo "2700"]
[Annotator "Negi,P"]
[PlyCount "137"]
[EventDate "2014.08.02"]
[EventType "team-swiss"]
[EventRounds "11"]
[EventCountry "NOR"]
[SourceTitle "CBM 162"]
[Source "ChessBase"]
[SourceDate "2014.09.17"]
[SourceVersion "1"]
[SourceVersionDate "2014.09.17"]
[SourceQuality "1"]
[WhiteTeam "India"]
[BlackTeam "Uzbekistan"]
[WhiteTeamCountry "IND"]
[BlackTeamCountry "UZB"]

1. e4 e5 2. Nf3 Nc6 3. Bb5 a6 4. Ba4 Nf6 5. O-O Be7 6. Re1 b5 7. Bb3 O-O 8. a4
b4 9. d4 d6 10. dxe5 {There was a time, not long back, when this line used to
be considered harmless but now it has become one of the main tries against the
Marshal!} dxe5 (10... Nxe5 {is a very different system, but it doesn't seem as
logical. Now besides the option to go for a less usual structure with
Nakamura's Nbd2, White can play the solid way with} 11. Nxe5 dxe5 12. Qe2 (12.
Qxd8 $5 Rxd8 13. Nd2 Bc5 14. Nf3 Ng4 15. Be3 Bxe3 16. fxe3 Be6 17. Bxe6 fxe6
18. h3 Nf6 19. Rad1 Rd6 20. Nxe5 Rad8 21. Rd3 Nxe4 22. Rd4 $1 $14 {gave White
a nice win in Hovhannisyan,R (2589)-Babujian,L (2474) Yerevan 2012, although I
suspect Black's play could be improved upon earlier. Still, it's nice to have
no risk and play for an edge.}) 12... Bc5 13. Be3 Bd4 $5 {An unusual,
computerish idea.} (13... Qe7 14. Nd2 Bg4 15. Bxc5 Qxc5 16. Qe3 Qxe3 17. Rxe3
Rad8 18. Nc4 Rfe8 19. Na5 $14 {and White won an instructive game in Caruana,F 
(2779)-Fressinet,L (2708) Elancourt 2013 CBM 157 [Stohl,I]}) 14. c3 bxc3 15.
bxc3 Bxe3 16. Qxe3 Qe7 17. Nd2 Be6 18. Bxe6 Qxe6 19. Qc5 Nd7 20. Qxc7 Rac8 21.
Qa5 Nc5 $11 {1/2-1/2 (41) Dominguez Perez,L (2768)-So,W (2731) Havana 2014})
11. Nbd2 Bc5 12. a5 ({Initially, White used to play} 12. Qe2 {but this allows}
Bg4 $1 13. h3 Bh5 14. c3 Na5 15. g4 Bg6 $13 {1/2-1/2 (65) Grischuk,A (2779)
-Caruana,F (2774) Thessaloniki 2013}) ({After that White started playing} 12.
h3 {as I did against Aronian a couple of days back as well. But I didn't
achieve much in the game so I decided to change to the more trendy a5 for this
game.} Bb7 13. c3 Qd6 14. Nc4 Qxd1 15. Bxd1 Rad8 16. Bc2 Nd7 17. a5 f6 {
and Black's position is too solid. I did not really succeed in putting any
problems to him in: Negi,P (2645)-Aronian,L (2805) Tromso NOR 2014}) 12... Be6
$5 $146 {A very unusual idea... the Bxe6 - fxe6 structure is certainly not
good for Black, but here it's possible due to concrete threats on f2.
Therefore I decided to play it safe with} 13. Qe2 (13. Bxe6 fxe6 14. h3 (14.
Nb3 Qxd1 15. Rxd1 Nxe4 $15) (14. Qe2 Ng4 $1 15. Rf1 Nd4 $36) 14... Nh5 {
and I was worried about Black's quick counterplay on the kingside.}) 13... Qe7
14. Bxe6 Qxe6 (14... fxe6 15. Nb3 $16 {now the structure is just bad.}) 15. Nb3
Nd4 $5 {I completely missed this idea... now I spent a long time trying to
figure out a way, and ended up choosing a rather passive setup.} 16. Nfxd4 (16.
Nbxd4 Bxd4 17. c3 $1 {seems the best way.} bxc3 (17... Bc5 18. Bd2 bxc3 19.
Bxc3 {and White can claim to have a pleasant position at least.}) 18. Nxd4 {
the point.} exd4 19. bxc3 dxc3 20. Ra3 Rfe8 21. f3 {and White might have some
pressure.}) 16... Bxd4 17. h3 {Preventing ...Ng4 at times.} (17. Rb1 {was my
original intention but after} c5 18. Nd2 {I suddenly realised Black has the
simple} Qa2 19. Qc4 Qxa5 {and he's just a pawn up.}) 17... c5 18. Nd2 c4 $2 {
I think Kasim just felt so happy with his position that he forgot that White
can do anything besides simplifying into a drawish endgame. Instead, he had to
play the precise ...Rfd8.} (18... Rac8 19. Qc4 {seems good for White although
the computer doesn't agree.}) (18... Rfd8 $1 {so White has to possibly play}
19. Nf3 (19. Nc4 Nxe4 $1) (19. Qc4 $140 Bxf2+ $1 20. Kxf2 Rxd2+ $19) 19... c4 {
and Black is very comfortable.}) 19. Nxc4 Nxe4 20. Be3 $1 {Suddenly, White's
all developed and Black's weak pawns are targets!} Bxe3 21. Nxe3 {Here, Kasim
sank into a long thought as the position suddenly becomes very critical. I
simply can't suggest any move for Black that doesn't seem very unpleasant:} Nc5
(21... Rad8 {/\ Rd4 is a sophisticated computer idea... but even he doesn't
like it much.} 22. Rad1 $14) (21... Nf6 22. Nc4 e4 23. Nb6 Ra7 24. Rad1 $14)
22. Rad1 Rad8 (22... b3 23. Rd5 $5 $14) 23. b3 {The simplest continuation -
and also building pressure on Black. Especially with time running out it's a
very hard position to play...} f6 24. Qf3 $1 h6 {This doesn't have any point
as such... but there weren't many useful moves anyway.} (24... e4 25. Qh5 {
would be very unpleasant.}) 25. Rd5 $6 {I suppose I just wanted to play a move
that looked smart.} ({I have no idea why I didn't just play} 25. Nf5 Kh7 26.
Qg4 g6 27. Qxb4 gxf5 28. Qxc5 {with a big advantage.}) 25... Rxd5 26. Nxd5 Rb8
(26... e4 $1 27. Qh5 f5 28. Nxb4 Rb8 {would really complicate matters... but
such is time pressure chess.}) 27. Rd1 {Now again I'm back in control.} Kh8 28.
h4 {Again, just a smart looking move in my opponent's time pressure... which
wasn't particularly required.} (28. Ne3 $16 {/\ Nc4.}) 28... f5 (28... Qc6 $1 {
was a strong defence.} 29. h5 Ne6 {perfectly regrouped.}) 29. Nb6 Ne4 30. Qd3 {
The next few moves were almost normal, and were played out in a flash:} Nc3 31.
Qd6 $1 Qxd6 32. Rxd6 Ne2+ (32... Nb5 $1 {/\ Na3 was still a good defence.}) 33.
Kf1 Nd4 34. Nc4 $1 Ra8 35. Nxe5 Nxc2 36. Nd3 $5 {A rather unpleasant move in
time trouble - since Black is all tied up. Also possibly my last decent move
in this game... the next part of the game was a blunderfest - at least from
White's side, until Black repaid all the favours in one move at the end.} Rc8 (
36... Kh7 {was required, to prevent the mating threats that were there in the
game.}) 37. Rxa6 Rc3 38. Ne5 $2 {Surprisingly even the computer's top choice...
but from a practical standpoint completely missing an easy win.} (38. Nf4 $1 {
would instantly be over since Black can no longer play} Rxb3 39. Ra8+ Kh7 40.
h5 {and White wins. The knight on e5 unfortunately just hangs after Rb1...Re1.}
) 38... Rxb3 39. Ra8+ (39. Nc6 {/\ Rb6...a6...a7 is apparently a simple win,
but I was too excited about the mating net.}) 39... Kh7 {And suddenly I
realise that Rb1...Re1 is a very real possibility. So instead I just play a
desperate idea to keep the pieces on in the last move before time control...}
40. g4 $2 (40. h5 Rb1+ 41. Ke2 Re1+ 42. Kd3 Rxe5 43. Kxc2 f4 $1 {might not be
winning actually, but it was certainly a much better try than the game.} 44.
Kb3 Rxh5 45. Kxb4 f3 $1 46. gxf3 Rh1 {and this position deserves a lot more
analysis, but the combination of rook checks from behind and the h-pawn might
offer Black excellent defensive chances.}) (40. a6 $1 {was still winning, and
not a very hard move to find. Because now after} Rb1+ 41. Ke2 Re1+ 42. Kd2 Rxe5
43. Kxc2 {the pawn on h5 won't be hanging, and Black is not in time to keep
the b4-pawn - for instance:} Rb5 (43... h5 44. Kb3 Rb5 45. Rc8 $18) 44. Kb3 Rb6
45. a7 $1 Ra6 46. h5 $1 $18 {now after Kxb4, the f5-pawn will fall, and White
will have a typical smooth win:} Ra1 47. Kxb4 Rb1+ 48. Kc5 Ra1 49. Kd6 Ra6+ 50.
Ke5 Ra5+ 51. Ke6 f4 52. f3 Ra2 53. Ke5 Ra4 54. Kf5 Ra1 55. Kxf4 Ra2 56. Ke5 Ra1
57. g4 Ra2 58. f4 Ra1 59. f5 $1 (59. g5 hxg5 60. fxg5 g6 $1 61. hxg6+ Kg7 {
is suddenly just a draw.}) 59... Ra2 60. g5 hxg5 61. h6 $1 {the key technique
to win.} gxh6 62. f6 $18) 40... Rb1+ 41. Kg2 Ne1+ (41... Re1 {would have been
insanely complicated as well, but there is nothing wrong with the game move.})
42. Kg3 Rb3+ 43. Kf4 Nd3+ $5 {Finding a rather brilliant drawing setup, but
I'm not sure if it was really needed.} (43... fxg4 {was logical, and the} 44.
Kxg4 (44. Ke4 {was my initial idea, but it seems too much. Black just continues
} Nf3 45. Nc6 Ra3 $1 {and the b-pawn is actually more dangerous.}) 44... Nd3
45. f4 $1 {There is still some pressure, although the position looks very
close to a draw after} Ra3 46. Kf5 Nxe5 47. fxe5 b3 48. Rb8 Rxa5 $11) 44. Kxf5
Nxe5 45. Kxe5 Rd3 $1 {The only move. Otherwise the White king will just return
to 'catch' the b-pawn, and when the pawn is on a6, White should have an easy
win. Another plan for Black is to go after the kingside pawns... and try to
create a passed pawn there before sacrificing the rook for the a-pawn... but
the pawn will be far from as well advanced, and it' simpossible to calculate
all the consquences now, so it would be a very risky plan indeed. The Rd3...
Rd1 plan forces White to commit to a7...which is the key to Black's defence.}
46. a6 Rd1 $1 47. a7 (47. h5 {is too slow because of} b3 48. Rb8 Ra1 49. Rxb3
Rxa6 $11) 47... Ra1 48. Kd4 g5 {The drawing setup.} 49. hxg5 hxg5 50. Kc4 b3
51. Kxb3 Kg7 52. Kc4 Ra2 $1 {The key idea is to keep the rook on the same rank
as the f-pawn, so the white king can always be checked if he tries the typical
winning plan of keeping it on the 6th rank and trying to exchange the rooks...
the other plan of going after the enemy pawns is impossible for White if the
black rook keeps the f-pawn in check since the king going to the f-file will
be met by ...Rf3+! ...and the the position with the pawn on a7 and extra
g-pawn is a simple theoretical draw.  Realising this, I had pretty much given
hope to win and was just moving my king around while watching the other boards.
..} 53. Kd5 Rd2+ 54. Ke4 Re2+ 55. Kd3 Ra2 56. f3 Ra3+ 57. Kd4 Ra1 58. Ke5 Ra5+
{Very strange last moves... of course there is nothing wrong with them, but
the simple plan to draw is to keep the rook on a3, and then just move Kh7...
Kg7. It is impossible to go wrong with that plan... and that is essential in a
time pressure situation like this when one is tired... I began to feel that
for some reason he didn't want to move the king at all, which gave me the
slightest glimmer of hope...} 59. Kd6 Ra6+ 60. Kc7 Ra3 61. Kc6 Rc3+ (61... Ra1
62. Rd8 {would just win.}) 62. Kd5 Ra3 63. Kc5 $5 {A trap...} Ra6 {Again... he
refuses to move the king, and finds the only square for the rook instead...} (
63... Ra1 {would lose to} 64. Kb6 $1 {since now the rook does not have the
f-pawn in its sights and it can't give checks:} Rb1+ 65. Kc6 Rc1+ 66. Kd6 Rd1+
67. Ke6 Re1+ (67... Ra1 68. Rd8 Rxa7 69. Rd7+ $18) 68. Kf5 $18) (63... Kh7 {
and Kg7 is a draw.}) 64. Kc4 Ra3 65. Kb5 $5 {A more sophisticated trap, since
now ...Ra6 isn't possible and it is neccessary to move the king.} Ra1 $4 {
Alas...the Olympiad is a tiring event.} 66. Kb6 {And suddenly it's all over,
as was shown in the previous comment.} Rb1+ 67. Kc6 Rc1+ 68. Kd6 Rd1+ 69. Ke6
1-0

[Event "Tata Steel-B 82nd"]
[Site "Wijk aan Zee"]
[Date "2020.01.22"]
[Round "10"]
[White "Ganguly, Surya Shekhar"]
[Black "Nihal, Sarin"]
[Result "1/2-1/2"]
[WhiteElo "2636"]
[BlackElo "2618"]
[Annotator "Nihal,Sarin"]
[PlyCount "47"]
[EventDate "2020.01.11"]
[EventType "tourn"]
[EventRounds "13"]
[EventCountry "NED"]
[EventCategory "15"]
[SourceTitle "CBM 194"]
[Source "ChessBase"]
[SourceDate "2020.01.27"]
[SourceVersion "1"]
[SourceVersionDate "2020.01.27"]
[SourceQuality "1"]

1. e4 e5 2. Nf3 Nc6 3. Bb5 a6 4. Ba4 Nf6 5. O-O Be7 6. Re1 b5 7. Bb3 O-O 8. h3
Bb7 9. d3 {This was slighly unexpected. My opponent had never played this line
before.} d6 (9... d5 10. exd5 Nxd5 11. Nxe5 {is of course another option and a
very interesting position, but somehow I didn't feel like entering this on
this day.}) 10. a3 Qd7 11. Nc3 Nd8 {A move order inaccuracy with unintended
consequences. My trainer Srinath had a recent game here in Sitges against
Tabatabei with the same inaccurate move order. So the credit (blame) for this
is wholly deserved by him :-)} (11... Rfe8 12. Ne2 Nd8 13. Ng3 Ne6 {is of
course the mainline here.}) 12. d4 {I had seen this beforehand, but I severely
underestimated it.} exd4 13. Nxd4 {Initially I felt quite uncomfortable in
this position. However, pretty soon I realized that the position is not bad as
it appears at first sight.} Re8 14. Nf5 Ne6 15. Qf3 {A natural move.} (15.
Nxe7+ Rxe7 16. f3 {In hindsight, White should perhaps have gone for something
like this, with a slight edge.}) 15... c5 16. Nd5 {Again, the most natural
move.} (16. Be3 c4 17. Ba2 Bf8 {is the first choice of engines. However, it is
really hard for White to commit to a position where the a2 bishop is shut like
that. Such things can go either way.}) 16... Nxd5 17. exd5 c4 18. dxe6 fxe6 19.
Nh6+ gxh6 20. Qg4+ Kf7 (20... Kh8 21. Qd4+ e5 22. Rxe5 Bf6 {I had seen this,
but I didn't really believe that something like this could work.} 23. Rxe8+ Kg7
24. Qf4 {After the game, me, my opponent, Anish, Erwin and Anton Smirnov were
looking at this variation. Initially none of us could believe that something
like this could work for Black.} (24. Bxh6+ Kg6 {should just be better for
Black.}) 24... Rxe8 25. Qxh6+ Kf7 26. Qxh7+ Ke6 27. Qg6 Qf7 28. Qg4+ Ke7 29.
Bd2 {And here, at the end, Black apparently gets better after} Qd5 $1) 21. Qh5+
Kg8 22. Qg4+ Kf7 23. Qh5+ Kg8 24. Qg4+ 1/2-1/2

[Event "Tata Steel-A 77th"]
[Site "Wijk aan Zee"]
[Date "2015.01.18"]
[Round "8"]
[White "Ivanchuk, Vassily"]
[Black "So, Wesley"]
[Result "0-1"]
[WhiteElo "2715"]
[BlackElo "2762"]
[Annotator "Pavlovic,M"]
[PlyCount "52"]
[EventDate "2015.01.10"]
[EventType "tourn"]
[EventRounds "13"]
[EventCountry "NED"]
[EventCategory "20"]
[SourceTitle "CBM 165"]
[Source "ChessBase"]
[SourceDate "2015.03.11"]
[SourceVersion "1"]
[SourceVersionDate "2015.03.11"]
[SourceQuality "1"]

1. e4 e5 2. Nf3 Nc6 3. Bb5 a6 4. Ba4 Nf6 5. O-O Be7 6. Re1 b5 7. Bb3 O-O 8. h3
{Avoiding the Marshall is a common choice for White.} Bb7 9. d3 d5 $1 {It
seems that this gambit at this place is totally sound as we will see further
in the text.} 10. exd5 Nxd5 11. Nbd2 Qd7 {An interesting choice; alternatives
have been preferred but as we will see a very interesting idea is connected
with the main move in the text.} (11... f6 12. c4 (12. a3 Kh8 13. Ne4 Na5 (
13... Qd7 $5 14. Bd2 Rad8 15. Qe2 Rfe8 16. Rad1 $13) 14. Ba2 c5 15. c3 c4 16.
d4 f5 17. Neg5 e4 18. Ne6 Qe8 19. Nxf8 exf3 20. Ne6 Qg6 21. Qxf3 $16 {1/2-1/2 
(34) Al Modiahki,M (2549)-Negi,P (2645) Tromso 2014. Black overpushed, but he
still managed to escape with a draw.}) (12. c3 Kh8 13. Bc2 Qd7 14. Nb3 a5 15.
a4 bxa4 16. Rxa4 Ncb4 17. Rxa5 Nxc2 18. Qxc2 Nb6 19. Rxa8 Rxa8 20. Nbd2 g5 $5
21. Nh2 Rd8 $44 {0-1 (48) Anand,V (2786)-Caruana,F (2774) Moscow 2013}) 12...
bxc4 13. Nxc4 Bc5 14. Ne3 Bxe3 $5 (14... Na5 15. d4 exd4 16. Nxd4 Nxb3 17. Qxb3
Bxd4 18. Qxb7 Bxe3 19. Bxe3 Qd7 20. Rad1 Rfd8 21. Qb3 Rab8 22. Qa3 Qb5 $11 {
1/2-1/2 (47) Adams,M (2729)-Bacrot,E (2705) Baku 2008}) 15. Bxe3 Kh8 16. Bc5
Re8 17. Rc1 Qd7 18. Ba4 Red8 19. Qb3 Qf7 $1 $13) (11... Nf4 12. Ne4 Na5 13.
Bxf4 exf4 14. d4 Nxb3 15. axb3 Qd7 16. Qd3 Rad8 17. c4 Bb4 18. Nc3 bxc4 19.
bxc4 Bxf3 20. Qxf3 Qxd4 21. Re4 Qd2 22. Re2 Qd4 23. Re4 Qd2 24. Re2 Qd4 {
1/2-1/2 (24) Giri,A (2737)-Tomashevsky,E (2703) Elancourt 2013. Black was fine.
}) 12. Nxe5 $6 {We can consider this now as a rather suspicious move.
Alternatives are better but also don't give White anything.} (12. Ne4 Kh8 13.
Ng3 f6 14. c3 Rad8 15. d4 exd4 16. cxd4 Rfe8 17. Bd2 Bf8 18. a3 $11) (12. a4
Rad8 ({Black can play safe here} 12... f6 $5 13. c3 Kh8 {with unclear play})
13. axb5 axb5 14. Nxe5 Nxe5 15. Rxe5 Nf4 16. Ne4 $1 (16. Qg4 Nxg2 17. Qxd7 Rxd7
18. Rxb5 Bc6 19. Rba5 Nf4 $44 {0-1 (20) Guliyev,N (2557)-Ragger,M (2651)
Wroclaw (blitz) 2014}) 16... Ng6 (16... Nxg2 17. Qg4 Nh4 18. Rxe7 Qxe7 19. Bg5
$16) 17. Nc5 Bxc5 18. Rxc5 Nh4 19. Qg4 $16) (12. Nf1 $5 $146 Bf6 (12... f6 13.
c4 $1 $18) 13. N1h2 Nf4 14. Bxf4 exf4 15. c3 $13) 12... Nxe5 13. Rxe5 Nf4 $1
14. Nf3 Nxg2 $1 15. Kxg2 a5 $1 {A key point of the black sacrifice, a nice
idea indeed! It had been worked out by computers and it had already been
tested in tounaments as well, for that reason it is really suprising that
Ivanchuk was not aware of that.} 16. Rxe7 {Confronted with something new this
was Ivanchuk's reaction over the board, but it doesn't help much either.} (16.
a4 Ra6 17. Qe2 Rg6+ 18. Kh2 Bd6 19. Nh4 Bxe5+ 20. Qxe5 Re8 21. Qf4 Rf6 22. Qg3
Re1 23. Bh6 Rxf2+ 24. Qxf2 Rxa1 25. Nf5 Rh1+ 26. Kg3 Bc8 $17 {1/2-1/2 (37)
Guliyev,N (2556)-Gustafsson,J (2636) Baden-Baden 2014}) (16. c3 Ra6 17. d4 Rg6+
18. Kh2 Rf6 19. d5 Bd6 20. Kg2 Rxf3 21. Qxf3 Bxe5 $15) 16... Qxe7 17. c3 Ra6
18. d4 Rf6 {Black is completely winning already, and he could have done it
even more simply.} (18... Rg6+ 19. Kf1 Qd7 20. Ne5 Qxh3+ 21. Ke2 a4 22. Bc2 Rg2
23. Be3 f6 $19) 19. d5 a4 20. Bc2 Rd8 21. Qe1 Qd7 22. Ng5 h6 23. Ne4 Rg6+ 24.
Kh2 f5 25. Ng3 Qxd5 26. Qg1 Qf3 0-1